000 00868nam a2200253Ia 4500
003 OSt
005 20220918170953.0
006 a|||||r|||| 00| 0
007 ta
008 220917b |||||||| |||| 00| 0 eng d
020 _a9781107450523 (pbk)
_cUKP 22.99
024 _a265,381
037 _b8337, 02/02/2018, Efficient Book Distributors
_cTextual
040 _aARTS
_cARTS
_beng
041 _2eng
_aeng
082 _aW:(R), Q7
100 _aFloyd Jonathan Au.
_932758
245 0 _aIs political philosophy impossible
_b thoughts and behaviour in normative political theory
260 _aCambridge
_bCambridge University Press UK
_c2017
300 _axi,278p.
_ccm.
650 _aPHILOSOPHY; POLITICAL SCIENCE
_931522
942 _hW:(R), Q7
_cTEXL
_2CC
999 _c137017
_d137017